[Event "GER-ch Net Amateur Gr-C Vor3"]
[Site "Playchess.com INT"]
[Date "2020.04.16"]
[Round "9"]
[White "Bogiatzis, Panagiotis"]
[Black "Bone, Karin"]
[Result "0-1"]
[WhiteElo "1560"]
[BlackElo "1282"]
[PlyCount "80"]
[EventDate "2020.04.16"]
[EventType "swiss (blitz)"]
[EventRounds "9"]
[EventCountry "GER"]
[SourceTitle "CBM 195 Extra"]
[Source "ChessBase"]
[SourceDate "2020.05.31"]
[SourceVersion "1"]
[SourceVersionDate "2020.05.31"]
[SourceQuality "1"]

1. e4 e5 2. d4 Nc6 3. d5 Nb4 4. a3 Na6 5. Bxa6 bxa6 6. Nf3 Bd6 7. Nc3 Nf6 8. Bg5 Bc5 9. 0-0 d6 10. b4 Bb6 11. a4 Bg4 12. h3 Bxf3 13. Qxf3 Qd7 14. Bxf6 gxf6 15. Qxf6 Rf8 16. Ne2 a5 17. b5 Bc5 18. c4 Bb4 19. Ng3 Qe7 20. Qf5 Bc3 21. Rab1 Rb8 22. Nh5 f6 23. Rb3 Bd4 24. Ng3 Ra8 25. Ne2 Bc5 26. Rb2 Ba3 27. Ra2 Bc5 28. Rc2 Qd7 29. Qxd7+ Kxd7 30. Rc3 Rg8 31. Rcc1 Rg5 32. Ng3 Rag8 33. Rc2 Bb6 34. Rcc1 R5g6 35. Rb1 Ke7 36. Kh1 Kf7 37. Rbc1 h5 38. h4 Rg4 39. Nxh5 Rxh4+ 40. Kg1 Rxh5 0-1

[Event "GER-ch Net Amateur Gr-C Vor2"]
[Site "Playchess.com INT"]
[Date "2020.04.15"]
[Round "5"]
[White "Bogiatzis, Panagiotis"]
[Black "Grave, Lukas"]
[Result "1-0"]
[WhiteElo "1583"]
[BlackElo "1563"]
[PlyCount "51"]
[EventDate "2020.04.15"]
[EventType "swiss (blitz)"]
[EventRounds "9"]
[EventCountry "GER"]
[SourceTitle "CBM 196 Extra"]
[Source "ChessBase"]
[SourceDate "2020.07.31"]
[SourceVersion "1"]
[SourceVersionDate "2020.07.31"]
[SourceQuality "1"]

1. e4 e6 2. d4 d5 3. exd5 exd5 4. Nc3 Nc6 5. Nf3 Bg4 6. Be2 Nf6 7. 0-0 Bd6 8. Bg5 0-0 9. Nxd5 Bxh2+ 10. Nxh2 Qxd5 11. Bxf6 gxf6 12. Nxg4 Nxd4 13. Nxf6+ Kh8 14. Nxd5 Rg8 15. Qxd4+ Rg7 16. Ne7 c5 17. Qf6 h6 18. Nf5 Rag8 19. Qxh6+ Rh7 20. Qf6+ Rhg7 21. Nxg7 Rxg7 22. f3 c4 23. Kf2 c3 24. Rh1+ Kg8 25. Rad1 cxb2 26. Rd8# 1-0

[Event "GER-ch Net Amateur Gr-C Vor2"]
[Site "Playchess.com INT"]
[Date "2020.04.15"]
[Round "8"]
[White "Bogiatzis, Panagiotis"]
[Black "Hartmann, Lasse Elias"]
[Result "1-0"]
[WhiteElo "1561"]
[BlackElo "1592"]
[PlyCount "47"]
[EventDate "2020.04.15"]
[EventType "swiss (blitz)"]
[EventRounds "9"]
[EventCountry "GER"]
[SourceTitle "CBM 196 Extra"]
[Source "ChessBase"]
[SourceDate "2020.07.31"]
[SourceVersion "1"]
[SourceVersionDate "2020.07.31"]
[SourceQuality "1"]

1. e4 e6 2. d4 d5 3. exd5 exd5 4. Nc3 c6 5. Nf3 Nf6 6. Bd3 Bb4 7. 0-0 Bxc3 8. bxc3 0-0 9. Bg5 Bg4 10. Be2 Nbd7 11. Ne5 Bxe2 12. Qxe2 Qc7 13. Nxd7 Qxd7 14. Bxf6 gxf6 15. Qh5 Kh8 16. Rfe1 Rg8 17. Re3 Rae8 18. Rae1 Rxe3 19. Rxe3 Rg5 20. Qh4 Rg4 21. Qxf6+ Kg8 22. Re7 Rg6 23. Qxf7+ Kh8 24. Qxh7# 1-0

[Event "GER-ch Net Amateur Gr-C Vor2"]
[Site "Playchess.com INT"]
[Date "2020.04.15"]
[Round "3"]
[White "Bogiatzis, Panagiotis"]
[Black "Radeke, Timothy"]
[Result "1/2-1/2"]
[WhiteElo "1570"]
[BlackElo "1619"]
[PlyCount "132"]
[EventDate "2020.04.15"]
[EventType "swiss (blitz)"]
[EventRounds "9"]
[EventCountry "GER"]
[SourceTitle "CBM 196 Extra"]
[Source "ChessBase"]
[SourceDate "2020.07.31"]
[SourceVersion "1"]
[SourceVersionDate "2020.07.31"]
[SourceQuality "1"]

1. e4 c5 2. d4 cxd4 3. Nf3 d6 4. Nxd4 Nf6 5. Nc3 g6 6. Bg5 Bg7 7. Bd3 0-0 8. 0-0 Nfd7 9. Nf3 Nc5 10. Re1 Nc6 11. Qd2 Bg4 12. Qe3 Bxf3 13. Qxf3 Nd4 14. Qe3 Nce6 15. Rab1 Rc8 16. Nd5 Nxg5 17. Qxg5 a6 18. c3 Ne6 19. Qxe7 Re8 20. Qxd8 Rcxd8 21. Bc4 b5 22. Bd3 Nc5 23. Be2 Nxe4 24. Bf3 Nc5 25. b4 Nd3 26. Re3 Rxe3 27. fxe3 Ne5 28. Rd1 Nxf3+ 29. gxf3 Re8 30. Re1 Bh6 31. e4 Kg7 32. Nc7 Re7 33. Nxa6 Bd2 34. Rd1 Bxc3 35. Rxd6 f6 36. Nc5 Bxb4 37. Rd5 Bxc5+ 38. Rxc5 b4 39. Rb5 f5 40. Rxb4 fxe4 41. Rb3 exf3 42. Rxf3 Re2 43. Rf2 Re1+ 44. Rf1 Re2 45. Rf2 Rxf2 46. Kxf2 Kf7 47. a4 Ke7 48. a5 Kd7 49. Kg3 Kc7 50. Kf4 Kc6 51. Ke5 Kb5 52. Kf6 Kxa5 53. Kg7 h5 54. Kxg6 h4 55. Kh5 h3 56. Kh4 Kb6 57. Kxh3 Kc6 58. Kg4 Kd7 59. Kg5 Ke7 60. Kg6 Kf8 61. Kh7 Kf7 62. h4 Kf8 63. h5 Kf7 64. Kh8 Kf8 65. h6 Kf7 66. h7 Kf8 1/2-1/2

[Event "GER-ch Net Amateur Gr-C Vor2"]
[Site "Playchess.com INT"]
[Date "2020.04.15"]
[Round "4"]
[White "Stadtmueller, Max"]
[Black "Bogiatzis, Panagiotis"]
[Result "1/2-1/2"]
[WhiteElo "1636"]
[BlackElo "1576"]
[PlyCount "153"]
[EventDate "2020.04.15"]
[EventType "swiss (blitz)"]
[EventRounds "9"]
[EventCountry "GER"]
[SourceTitle "CBM 196 Extra"]
[Source "ChessBase"]
[SourceDate "2020.07.31"]
[SourceVersion "1"]
[SourceVersionDate "2020.07.31"]
[SourceQuality "1"]

1. e4 e5 2. Nf3 Nf6 3. Nc3 Bb4 4. Bc4 Bxc3 5. bxc3 Nxe4 6. Qe2 d5 7. Bb3 0-0 8. 0-0 Nc6 9. c4 Nf6 10. cxd5 Nxd5 11. Re1 Re8 12. Bb2 Nf4 13. Qc4 Be6 14. Qc3 Bxb3 15. axb3 Qf6 16. Nxe5 Nxe5 17. Rxe5 Ne2+ 18. Rxe2 Rxe2 19. Qxf6 gxf6 20. Rd1 Rae8 21. Kf1 Kg7 22. Bd4 b6 23. Be3 R2xe3 24. dxe3 c5 25. Rd7 Ra8 26. Ke2 a6 27. Rb7 b5 28. f4 Rc8 29. Ra7 Rc6 30. Kd2 Kg6 31. g4 h5 32. h3 hxg4 33. hxg4 Kg7 34. Ra8 Rd6+ 35. Ke2 c4 36. Rc8 cxb3 37. cxb3 b4 38. Ra8 Rc6 39. Rb8 a5 40. Ra8 Rc3 41. Rxa5 Rxb3 42. Rb5 Rb2+ 43. Kf3 b3 44. g5 fxg5 45. Rxg5+ Kf8 46. Rb5 Rb1 47. Ke4 b2 48. Ke5 Kg8 49. e4 Kh8 50. Rb8+ Kg7 51. Rb7 Kg8 52. f5 Kg7 53. Rb8 f6+ 54. Ke6 Kh7 55. Kxf6 Rg1 56. Rxb2 Rg7 57. Ke5 Re7+ 58. Kf4 Kg7 59. e5 Kf7 60. Re2 Kf8 61. f6 Re6 62. Kf5 Re8 63. Rg2 Kf7 64. Rg7+ Kf8 65. Rh7 Kg8 66. Rg7+ Kf8 67. Rg5 Kf7 68. Rg6 Rg8 69. Rxg8 Kxg8 70. Ke6 Kf8 71. Kd7 Kf7 72. e6+ Kxf6 73. e7 Kg7 74. e8Q Kh6 75. Qf7 Kg5 76. Ke6 Kh6 77. Kf6 1/2-1/2

[Event "GER-ch Net Amateur Gr-C Vor1"]
[Site "Playchess.com INT"]
[Date "2020.04.14"]
[Round "9"]
[White "Bogiatzis, Panagiotis"]
[Black "Stein, Theodor"]
[Result "0-1"]
[WhiteElo "1620"]
[BlackElo "1620"]
[PlyCount "100"]
[EventDate "2020.04.14"]
[EventType "swiss (blitz)"]
[EventRounds "9"]
[EventCountry "GER"]
[SourceTitle "CBM 196 Extra"]
[Source "ChessBase"]
[SourceDate "2020.07.31"]
[SourceVersion "1"]
[SourceVersionDate "2020.07.31"]
[SourceQuality "1"]

1. e4 e5 2. d4 exd4 3. c3 Nf6 4. e5 Nd5 5. cxd4 Nc6 6. Nf3 Bb4+ 7. Bd2 Bxd2+ 8. Nbxd2 0-0 9. Bc4 Nde7 10. 0-0 d5 11. Bb3 Bg4 12. h3 Bh5 13. Qc2 Bg6 14. Qc5 Nf5 15. Bxd5 Ncxd4 16. Nxd4 Nxd4 17. Qxd4 c6 18. Bxf7+ Rxf7 19. Qxd8+ Rxd8 20. Rad1 Bd3 21. Rfe1 Rdf8 22. Nf3 Bc4 23. b3 Bd5 24. e6 Re7 25. Ne5 Bxe6 26. Nf3 Rfe8 27. Ng5 Bf7 28. Nxf7 Kxf7 29. Rxe7+ Rxe7 30. Kf1 Kf6 31. Rd2 g5 32. Rd6+ Kf7 33. Rh6 Kg7 34. Rh5 Kg6 35. g4 h6 36. Kg1 Re2 37. a4 Rb2 38. h4 Rxb3 39. hxg5 hxg5 40. Rh8 Rb4 41. Rg8+ Kf7 42. Rxg5 Rxa4 43. Rf5+ Kg6 44. Rf3 Rxg4+ 45. Rg3 Rxg3+ 46. fxg3 a5 47. Kf2 a4 48. Ke2 a3 49. Kd2 a2 50. Kc2 a1Q 0-1

[Event "GER-ch Net Amateur Gr-C Vor1"]
[Site "Playchess.com INT"]
[Date "2020.04.14"]
[Round "5"]
[White "Bogiatzis, Panagiotis"]
[Black "Vaghef, Mohammad Reza"]
[Result "0-1"]
[WhiteElo "1620"]
[BlackElo "1391"]
[PlyCount "42"]
[EventDate "2020.04.14"]
[EventType "swiss (blitz)"]
[EventRounds "9"]
[EventCountry "GER"]
[SourceTitle "CBM 196 Extra"]
[Source "ChessBase"]
[SourceDate "2020.07.31"]
[SourceVersion "1"]
[SourceVersionDate "2020.07.31"]
[SourceQuality "1"]

1. e4 d5 2. exd5 Nf6 3. c4 c6 4. Nc3 cxd5 5. Nf3 Nc6 6. d4 Bg4 7. Be2 dxc4 8. Bxc4 Bxf3 9. Qxf3 Qxd4 10. Bd5 Qe5+ 11. Be3 Nd4 12. Qd1 Nxd5 13. Nxd5 Qxd5 14. Qxd4 Qxd4 15. Bxd4 f6 16. Rc1 e5 17. Bc3 Rc8 18. 0-0 Bd6 19. Bxe5 Rxc1 20. Rxc1 Kd7 21. Rd1 fxe5 0-1

[Event "Bad Soden U10 op"]
[Site "Bad Soden"]
[Date "2019.10.05"]
[Round "7"]
[White "Reis, Tim"]
[Black "Bogiatzis, Panagiotis"]
[Result "0-1"]
[WhiteElo "786"]
[BlackElo "1159"]
[PlyCount "50"]
[EventDate "2019.10.03"]
[EventType "swiss"]
[EventRounds "9"]
[EventCountry "GER"]
[SourceTitle "CBM 192 Extra"]
[Source "Chessbase"]
[SourceDate "2019.11.06"]
[SourceVersion "1"]
[SourceVersionDate "2019.11.06"]
[SourceQuality "1"]

1. e4 e5 2. Bc4 Nf6 3. d3 Bc5 4. c3 Nc6 5. Nf3 0-0 6. 0-0 d6 7. d4 exd4 8. cxd4 Bb4 9. Bg5 Bg4 10. Bxf6 Qxf6 11. h3 Bh5 12. e5 dxe5 13. dxe5 Nxe5 14. Nxe5 Bxd1 15. Bxf7+ Rxf7 16. Nxf7 Qxf7 17. Rxd1 Bc5 18. Rf1 Rf8 19. Nc3 Bxf2+ 20. Rxf2 Qxf2+ 21. Kh1 Qxb2 22. Rb1 Qxc3 23. Rxb7 Rf1+ 24. Kh2 Qe5+ 25. g3 Qe2# 0-1

[Event "Bad Soden U10 op"]
[Site "Bad Soden"]
[Date "2019.10.04"]
[Round "3"]
[White "Hott, Arthur"]
[Black "Bogiatzis, Panagiotis"]
[Result "0-1"]
[WhiteElo "774"]
[BlackElo "1159"]
[PlyCount "78"]
[EventDate "2019.10.03"]
[EventType "swiss"]
[EventRounds "9"]
[EventCountry "GER"]
[SourceTitle "CBM 192 Extra"]
[Source "Chessbase"]
[SourceDate "2019.11.06"]
[SourceVersion "1"]
[SourceVersionDate "2019.11.06"]
[SourceQuality "1"]

1. e4 e5 2. Nf3 Nc6 3. Bc4 Bc5 4. Nc3 Nf6 5. d3 0-0 6. 0-0 Be7 7. Bg5 d6 8. h3 Nh5 9. Qc1 Bxg5 10. Nxg5 Nf4 11. Nf3 Nd4 12. Qd1 Nxf3+ 13. Qxf3 Qf6 14. g4 Qh4 15. Kh2 h5 16. Qg3 Qg5 17. f3 hxg4 18. fxg4 c6 19. Rad1 Rd8 20. d4 Be6 21. Bxe6 fxe6 22. h4 Qh6 23. dxe5 dxe5 24. Rxd8+ Rxd8 25. Rf2 Ng6 26. Kh3 Nf4+ 27. Kh2 g5 28. h5 Rf8 29. b4 Ng6 30. Rg2 Nh4 31. Re2 Rf3 32. Qe1 Rf4 33. Qg1 Nf3+ 34. Kg2 Nxg1 35. Kxg1 Rxg4+ 36. Kf1 Qxh5 37. Nd1 Qh1+ 38. Kf2 Qg1+ 39. Kf3 Qg3# 0-1